000 00341nam a2200145Ia 4500
008 230917s9999||||xx |||||||||||||| ||und||
040 _e28481
_aMAIN
041 _aEnglish
082 _a361.6 K156S
100 _aKatariya, Surender
245 0 _aSamajik prashasan
260 _aJaipur
_bR B S A
_c1997
300 _avi, 201 p.
942 _cBK
999 _c97648
_d97648